| 000 | 00939nam a22002177a 4500 | ||
|---|---|---|---|
| 003 | OSt | ||
| 005 | 20240722154332.0 | ||
| 008 | 240722b ||||| |||| 00| 0 eng d | ||
| 022 | _200080683 | ||
| 040 | _cAIMIT LIBRARY | ||
| 082 |
_a658 _bCALB |
||
| 110 |
_aCalcutta Statistical Association _9173898 |
||
| 245 |
_aCalcutta Statistical Association Bulletin / _cBy Calcutta Statistical Association. |
||
| 260 |
_aNew Delhi : _bSage Publications , _c2019. |
||
| 300 |
_bHB _c24.4 cm. |
||
| 440 |
_aCalcutta Statistical Association Bulletin _vVol.70 No.1-2/2018 _9173899 |
||
| 650 |
_aPower analysis of collapsed ordered categories with application to cancer data _9173900 |
||
| 650 |
_aClustering mixed datasets using homogeneity analysis with applications to big data _9173901 |
||
| 650 |
_aPricing geometric Asian options under mixed fractional browniah motion environment with superimposed jumps _9173902 |
||
| 942 |
_2ddc _cBV _k658 CALB |
||
| 999 |
_c231489 _d231489 |
||